Top 100 Discovery Shows (IMDB) - Statistics

General Stats
  • This quiz has been taken 8 times
    5 since last reset
  • The average score is 6 of 109
Answer Stats
Show Year(s) IMDB % Correct
Deadliest Catch 2005-Present 7.8
60%
MythBusters 2003-2018 8.3
60%
River Monsters 2009-2017 8.1
60%
Dinosaur Planet 2003 7.7
40%
Dirty Jobs 2003-2020 7.7
40%
American Detective with Lt. Joe Kenda 2021-Present 8.2
20%
Anthony Bourdain: No Reservations 2005-2012 8.5
20%
Bizarre Foods with Andrew Zimmern 2006-2018 7.7
20%
Crikey! It's the Irwins 2018-Present 8.4
20%
Disappeared 2009-2018 8.0
20%
Forensic Files 1996-1999 8.8
20%
Good Eats 1999-2011 8.9
20%
Holmes on Homes 2003-2008 8.7
20%
Homicide Hunter 2011-2020 8.8
20%
How It's Made 2001-2019 7.8
20%
Into the Universe with Stephen Hawking 2010 8.6
20%
Man vs. Wild 2006-2011 8.2
20%
Mysteries at the Museum 2010-2019 8.1
20%
North America 2013 8.5
20%
Pit Bulls and Parolees 2009-Present 8.1
20%
Serengeti 2019 7.8
20%
The F.B.I. Files 1998-2006 7.9
20%
Too Cute! 2011-2014 8.6
20%
A Crime to Remember 2013-2018 8.2
0%
A Haunting 2002-2007 8.0
0%
Air Crash Investigation 2003-Present 8.8
0%
Alaska: The Last Frontier 2011-Present 7.7
0%
Animal Cops: Houston 2003-2015 7.9
0%
A Very Brady Renovation 2019 8.3
0%
B***hin' Rides 2014-Present 7.7
0%
Body Cam 2018-Present 8.1
0%
Booze Traveler 2014-2018 8.3
0%
Cats 101 2008-2012 8.1
0%
Curiosity 2011-2013 7.7
0%
Dan Vs. 2011-2013 7.7
0%
Dark Matters: Twisted But True 2011-2012 7.9
0%
Dogs 101 2008-2013 8.1
0%
Dr. G: Medical Examiner 2004-2012 8.5
0%
Dr. Jeff: Rocky Mountain Vet 2015-Present 8.9
0%
Dude, You're Screwed 2013-2014 7.7
0%
Endurance 2002-2008 7.8
0%
Everest: Beyond the Limit 2006-2009 8.3
0%
Evil Lives Here 2016-Present 8.0
0%
Fight Quest 2007-2008 8.1
0%
Fixer Upper 2013-2018 8.1
0%
Flying Wild Alaska 2011-2012 8.1
0%
Forensic Files II 2023-Present 7.9
0%
Globe Trekker 1994-2016 8.6
0%
Gold Rush: Freddy Dodge's Mine Rescue 2021-2023 8.1
0%
Halloween Wars 2011-Present 7.7
0%
Harley and the Davidsons 2016 8.1
0%
Homestead Rescue 2016-Present 8.0
0%
Home Town 2016-Present 8.1
0%
Hotel Impossible 2012-2017 7.8
0%
How the Universe Works 2010-Present 8.9
0%
I'd Kill for You 2013-2016 8.1
0%
Iron Resurrection 2016-Present 7.9
0%
It Takes a Thief 2005-2007 8.3
0%
Jeremy Wade's Dark Waters 2019-Present 8.1
0%
Love Is_ 2018 8.3
0%
Madventures 2002-2009 9.1
0%
Maine Cabin Masters 2017-Present 8.5
0%
Manhunt 2017 8.1
0%
Most Evil 2006-2008 8.2
0%
Murder Calls 2017-2018 7.7
0%
Murder Chose Me 2017-Present 7.9
0%
My Cat from Hell 2011-2020 7.7
0%
My Little Pony: Friendship Is Magic 2010-2019 7.7
0%
Mysteries at the Monument 2013-2016 7.8
0%
Mystery Diagnosis 2005-2011 8.3
0%
Mystery Hunters 2002-2009 7.7
0%
Naked and Marooned with Ed Stafford 2013-2016 8.1
0%
North Woods Law 2012-Present 7.7
0%
Oddities 2010-2014 7.9
0%
On Death Row 2012-2013 7.9
0%
Passport to Europe 2004-2006 8.5
0%
PitchMen 2009-2011 7.7
0%
Prophets of Science Fiction 2011-2012 7.9
0%
Queen Sugar 2016-2022 7.8
0%
Rehab Addict 2010-2018 7.9
0%
R.L. Stine's The Haunting Hour 2010-2014 7.9
0%
Savage Builds 2019-Present 8.1
0%
See No Evil 2014-Present 8.1
0%
Signs of a Psychopath 2020-Present 7.7
0%
Special Ops Mission 2009 8.4
0%
Strange Days at Blake Holsey High 2002-2006 7.9
0%
Surviving the Cut 2010-2011 7.9
0%
Taylor Swift: Journey to Fearless 2010 8.4
0%
The Aquabats! Super Show! 2012-2014 8.7
0%
The Colony 2009-2010 7.7
0%
The Crocodile Hunter Diaries 2002-2006 7.8
0%
The Last Alaskans 2016-2019 8.5
0%
The Layover 2011-2013 8.2
0%
The Most Extreme 2002-2007 8.3
0%
The Murder Tapes 2019-Present 7.9
0%
The New Detectives: Case Studies in Forensic Science 1996-2004 7.8
0%
The Zoo 2017-2020 8.9
0%
Through the Wormhole 2010-2017 8.6
0%
Time Warp 2008-2009 7.8
0%
Tournament of Champions 2020-Present 8.2
0%
Transformers: Prime 2010-2013 8.0
0%
Trixie Motel 2022 7.7
0%
Unwrapped 2001-2011 8.1
0%
Web of Lies 2014-Present 7.8
0%
Wheeler Dealers 2003-Present 8.2
0%
When We Left Earth: The NASA Missions 2008 8.8
0%
Who Do You Think You Are? 2013-2018 8.0
0%
Wild Russia 2008 8.2
0%
Wonders of the Solar System 2020 8.8
0%
No matching quizzes found
Score Distribution
Percent of People with Each Score
Percentile by Number Answered
Your Score History
You have not taken this quiz since the last reset